000 00800nam a2200277 a 4500
001 BRL_45
005 20190320210550.0
008 870727s1988 nyu######b---#001-0#eng-#
020 _a0517567326
040 _aDLC
_cDLC
_dDLC
041 _aeng
044 _anyu
050 4 _aE183.8
_b.L36 1988
100 1 _aLangley, Lester D.
_922745
245 1 0 _aMexAmerica
_btwo countries, one future
_cLester D. Langley.
260 _aNueva York
_bCrown Publishers
_cc1988
300 _avii, 312 p.
_c24 cm.
500 _aIncluye índice alfabético
500 _aAu64
504 _aBibliografía: p. 291-303
650 1 4 _aMexicano Americanos
_922746
651 4 _aEstados Unidos
_xRelaciones
_zMéxico
_922747
651 4 _aMéxico
_xRelaciones
_zEstados Unidos
_922748
902 _aGRL
942 _2lcc
_cB
999 _c8858
_d8858